| 000 | 00702nam a22002177a 4500 | ||
|---|---|---|---|
| 999 |
_c16090 _d16090 |
||
| 003 | AR-CdUCM | ||
| 008 | 190502b ||||| |||| 00| 0 spa d | ||
| 040 |
_aMUNICIPALIDAD PROVINCIAL DEL CUSCO _cBIBLIOTECA MUNICIPAL DEL CUSCO |
||
| 082 |
_a890 / _bIS87 |
||
| 100 |
_aIstrati, Panait _935294 |
||
| 245 | _aLa casa thuringer / | ||
| 260 |
_aSantiago de Chile : _bLuz, _c1933. |
||
| 300 |
_a199 paginas ; _c19 cm. |
||
| 505 | _aContenido : La vida de Adrian Zograffi -- Biografia. | ||
| 650 |
_aBiografia _9437 |
||
| 650 |
_aVida y costumbres _9788 |
||
| 650 |
_aEl hogar y sus necesidades _935369 |
||
| 700 |
_aMeza T. Julio (Traducción) _929351 |
||
| 942 |
_2ddc _cLIBROS |
||
| 945 |
_awnts _d2019-04-2 |
||